Taylor Swift Songs In Spanish - Statistics

General Stats
  • This quiz has been taken 51 times
  • The average score is 20 of 33
Answer Stats
Hint Album Answer % Correct
El hombre Lover The man
95%
Rojo Red Red
88%
Querido Juan Speak Now Dear John
85%
El perro negro The tortured poets department The black dog
85%
Vestido Reputation Dress
83%
Invisible Taylor Swift Invisible
83%
Encantado Speak Now Enchanted
78%
Felicidad Evermore happiness
71%
Lluvia de medianoche Midnights Midnight rain
68%
Foto para quemar Taylor Swift Picture to burn
66%
Dulce nada Midnights Sweet nothing
66%
Dime por qué Fearless Tell me why
66%
Mujer loca Folklore mad woman
63%
Nuestro Speak Now Ours
63%
¿Quién le tiene miedo a mi antiguo yo? The tortured poets department Who´s afraid of little old me?
63%
No me culpes Reputation Don´t blame me
61%
Sueños mas salvajes 1989 Wildest Dreams
61%
¿Cómo terminó? The tortured poets department How did it end?
59%
Necesitas calmarte Lover You need to calm down
59%
Ahora que no hablamos 1989 Now that we don´t talk
56%
El otro lado de la puerta Fearless The other side of the door
56%
Deberías haber dicho no Taylor Swift Should´ve said no
54%
Esta soy yo intentándolo Folklore this is me trying
54%
Estás enamorado 1989 You are in love
54%
Luz del día Lover Daylight
51%
Hoy fue un cuento de hadas Fearless Today was a fairytale
46%
Enjoyada Midnights Bejeweled
44%
La afortunada Red The lucky one
41%
Casi lo hago Red I almost do
37%
El indicado Folklore the 1
37%
Es la maldita temporada Evermore ´tis the damn season
37%
Sauce Evermore willow
32%
Por eso no podemos tener cosas bonitas Reputation This is why we can´t have nice things
5%
No matching quizzes found
Score Distribution
Percent of People with Each Score
Percentile by Number Answered
Your Score History
You have not taken this quiz